Statistics for Taylor Swift - The Moment I Knew Lyrics

Click here to take the quiz!

General Stats

  • This quiz has been taken 54 times
    (44 since last reset)
  • The average score is 330 of 355

Answer Stats

Answer% Correct
A
100%
And
100%
I
100%
"I'm
100%
I'm
100%
In
100%
in
100%
is
100%
Is
100%
it"
100%
it
100%
knew
100%
moment
100%
my
100%
on
100%
the
100%
there
100%
was
100%
You
100%
you"
100%
you
100%
be
96%
been
96%
But
96%
by
96%
didn't
96%
do
96%
door
96%
down
96%
dress
96%
"Happy
96%
happy
96%
"He
96%
here
96%
here"
96%
know?
96%
know
96%
lipstick
96%
me
96%
means
96%
most
96%
no
96%
one
96%
party
96%
red
96%
said
96%
should've
96%
Should've
96%
show?
96%
smile
96%
so
96%
So
96%
Standing
96%
standing
96%
that
96%
through
96%
to
96%
walk
96%
what
96%
What
96%
When
96%
who
96%
With
96%
would've
96%
your
96%
are
93%
As
93%
"Baby
93%
burst
93%
everyone
93%
face
93%
like
93%
missing
93%
of
93%
right
93%
sorry
93%
they
93%
they're
93%
thing
93%
too"
93%
you'd
93%
all
89%
birthday
89%
friends
89%
front
89%
he'd
89%
impress
89%
looking
89%
make
89%
say
89%
singing
89%
tears
89%
always
85%
around
85%
felt
85%
laughing
85%
motion
85%
room
85%
slow
85%
ask
81%
bathroom
81%
called
81%
eye
81%
for
81%
got
81%
hall
81%
How
81%
how
81%
I've
81%
Just
81%
just
81%
later
81%
little
81%
million
81%
Oh
81%
oh
81%
pass
81%
something
81%
streaming
81%
waiting
81%
wrong
81%
back
78%
follow
78%
lights
78%
memory
78%
not
78%
Now
78%
really
78%
seem
78%
stars
78%
time
78%
apart
74%
close
74%
fall
74%
glisten
74%
hours
74%
shining
74%
there's
74%
ticking
74%
try
74%
align
70%
alone
70%
Christmas
70%
feeling
70%
People
70%
sinking
70%
starts
70%
wanna
70%
comb
67%
hopelessly
63%

Score Distribution

Percentile by Number Answered

Percent of People with Each Score

Your Score History

You have not taken this quiz since the last reset